[Event "LSS SN-2008-0-00119"]
[Site "LSS email"]
[Date "2008.11.01"]
[Round "?"]
[White "Petidis, Kostas"]
[Black "Sontag, Manuel"]
[Result "0-1"]
[WhiteElo "582"]
[BlackElo "502"]
[PlyCount "36"]
[EventDate "2008.10.26"]
[EventType "tourn (corr)"]
[EventRounds "6"]
[EventCountry "GER"]
[SourceTitle "Corr 2011"]
[Source "ChessBase"]
[SourceDate "2010.08.31"]
[SourceVersion "1"]
[SourceVersionDate "2010.08.31"]
[SourceQuality "1"]

1. e4 e5 2. Nf3 Nc6 3. Bb5 Bb4 4. c3 Bc5 5. 0-0 Nf6 6. d4 exd4 7. Bxc6 dxc6 8. cxd4 Bb4 9. Nc3 Bxc3 10. bxc3 Nxe4 11. Re1 Qe7 12. Ng5 Nxg5 13. Rxe7+ Kxe7 14. Bxg5+ f6 15. Bf4 Rd8 16. Bxc7 Rd7 17. Qe2+ Kf8 18. Ba5 Re7 0-1

[Event "LSS SN-2008-0-00119"]
[Site "LSS email"]
[Date "2008.10.30"]
[Round "?"]
[White "Sontag, Manuel"]
[Black "Lanier, Jeff"]
[Result "0-1"]
[WhiteElo "500"]
[BlackElo "820"]
[PlyCount "46"]
[EventDate "2008.10.26"]
[EventType "tourn (corr)"]
[EventRounds "6"]
[EventCountry "GER"]
[SourceTitle "Corr 2011"]
[Source "ChessBase"]
[SourceDate "2010.08.31"]
[SourceVersion "1"]
[SourceVersionDate "2010.08.31"]
[SourceQuality "1"]

1. e4 e5 2. Nf3 d6 3. Bb5+ Bd7 4. Bc4 h6 5. 0-0 Nf6 6. d3 Be7 7. Nc3 0-0 8. Be3 a6 9. b4 Re8 10. Nd5 Nxd5 11. Bxd5 c6 12. Bb3 Bg4 13. Qe1 Bxf3 14. gxf3 Bg5 15. c4 Nd7 16. d4 Qf6 17. Rd1 Qxf3 18. c5 Qg4+ 19. Kh1 Qxe4+ 20. f3 Qxe3 21. Qg3 dxc5 22. dxc5 Bf4 23. Qg6 Qxb3 0-1

[Event "LSS SN-2008-0-00119"]
[Site "LSS email"]
[Date "2008.10.29"]
[Round "?"]
[White "Sontag, Manuel"]
[Black "Kyllo, Richard"]
[Result "0-1"]
[WhiteElo "500"]
[BlackElo "965"]
[PlyCount "42"]
[EventDate "2008.10.26"]
[EventType "tourn (corr)"]
[EventRounds "6"]
[EventCountry "GER"]
[SourceTitle "Corr 2011"]
[Source "ChessBase"]
[SourceDate "2010.08.31"]
[SourceVersion "1"]
[SourceVersionDate "2010.08.31"]
[SourceQuality "1"]

1. e4 c6 2. Nc3 d5 3. Bd3 dxe4 4. Bxe4 Nf6 5. Nf3 Bg4 6. 0-0 e6 7. d4 Nbd7 8. Bf4 Bb4 9. Qd2 Nxe4 10. Qe3 Bxf3 11. Qxf3 Nxc3 12. bxc3 Ba5 13. Rab1 Qc8 14. Bd6 Bc7 15. Bf4 Bxf4 16. Qxf4 Nf6 17. c4 0-0 18. Rbe1 Rd8 19. Re3 Qd7 20. c3 a6 21. Rg3 Nh5 0-1

[Event "IECG QN.2002.0.00250"]
[Site "IECG email"]
[Date "2002.12.05"]
[Round "?"]
[White "Venturas, Bob"]
[Black "Sontag, Manuel"]
[Result "1-0"]
[WhiteElo "700"]
[BlackElo "539"]
[PlyCount "37"]
[EventDate "2002.12.05"]
[EventType "tourn (corr)"]
[EventRounds "6"]
[SourceTitle "Corr 2008"]
[Source "ChessBase"]
[SourceDate "2008.06.24"]
[SourceVersion "1"]
[SourceVersionDate "2008.06.24"]
[SourceQuality "1"]

1. d4 Nc6 2. d5 Ne5 3. Nc3 c6 4. e4 e6 5. d6 Nf6 6. Bg5 h6 7. Bf4 Ng6 8. Bg3 Qa5 9. f3 Ne5 10. f4 Nc4 11. Bxc4 e5 12. fxe5 Ng4 13. Qxg4 b5 14. Bb3 f6 15. Qg6+ Kd8 16. Nge2 Qb6 17. exf6 gxf6 18. Qxf6+ Ke8 19. Bf7# 1-0

[Event "IECG QN.2002.0.00216"]
[Site "IECG email"]
[Date "2002.03.20"]
[Round "?"]
[White "Hendershot, Paul"]
[Black "Sontag, Manuel"]
[Result "1-0"]
[WhiteElo "799"]
[BlackElo "583"]
[PlyCount "53"]
[EventDate "2002.03.20"]
[EventType "tourn (corr)"]
[EventRounds "6"]
[SourceTitle "Corr 2008"]
[Source "ChessBase"]
[SourceDate "2008.06.24"]
[SourceVersion "1"]
[SourceVersionDate "2008.06.24"]
[SourceQuality "1"]

1. e4 e5 2. d3 Nf6 3. Nf3 Nc6 4. Nc3 Bd6 5. Be2 Nd4 6. 0-0 0-0 7. Bg5 c5 8. Nxd4 cxd4 9. Nd5 Be7 10. Nxe7+ Qxe7 11. f4 Qd6 12. fxe5 Qxe5 13. Bxf6 gxf6 14. Rf5 Qe6 15. Bh5 d5 16. Rxd5 Qb6 17. b3 Be6 18. Qf3 Bxd5 19. exd5 Rae8 20. a4 Qd8 21. Qg4+ Kh8 22. Qxd4 Re7 23. Qxf6+ Kg8 24. Rf1 Rfe8 25. d6 Re6 26. Bxf7+ Kf8 27. Qh8# 1-0

[Event "IECG QN.2001.0.00187"]
[Site "IECG email"]
[Date "2001.07.18"]
[Round "?"]
[White "Patton, Gary"]
[Black "Sontag, Manuel"]
[Result "0-1"]
[WhiteElo "582"]
[BlackElo "800"]
[PlyCount "74"]
[EventDate "2001.07.18"]
[EventType "tourn (corr)"]
[EventRounds "6"]
[SourceTitle "Corr 2008"]
[Source "ChessBase"]
[SourceDate "2008.06.24"]
[SourceVersion "1"]
[SourceVersionDate "2008.06.24"]
[SourceQuality "1"]

1. e4 e5 2. Nf3 Nc6 3. c3 Nf6 4. d3 d6 5. Nbd2 Be6 6. Be2 g6 7. 0-0 Bh6 8. Nb3 Bg7 9. d4 Nxe4 10. Bd3 Nf6 11. Nbd2 Bf5 12. Bc4 Na5 13. Be2 Nc6 14. b4 exd4 15. cxd4 Nxb4 16. a3 Nbd5 17. Nh4 Ne7 18. Rb1 b6 19. g4 Bxb1 20. Nxb1 Ned5 21. g5 Ne4 22. Qe1 0-0 23. Qd1 Nxg5 24. f4 Nh3+ 25. Kg2 Qxh4 26. Qd3 Bh6 27. Qe4 Rae8 28. Qf3 Ndxf4+ 29. Kh1 Rxe2 30. Bxf4 Bxf4 31. Qxe2 Qg5 32. Qf3 Qh4 33. Rg1 Ng5 34. Qd1 Re8 35. Nc3 Re3 36. Rg4 Qf2 37. Nd5 Qxh2# 0-1